Fuzzy reasoning and its applications /
Guardado en:
| Otros Autores: | , |
|---|---|
| Formato: | Libro |
| Idioma: | English |
| Publicado: |
London :
Academic Press,
1981.
|
| Series: | Computers and people series
|
| Materias: | |
| Etiquetas: |
Agregar Etiqueta
Sin Etiquetas, Sea el primero en etiquetar este registro!
|
| LEADER | 00907cam a22002415a 4500 | ||
|---|---|---|---|
| 001 | EIQ.libpla002858 | ||
| 008 | 821027r1981####enka#####b####000#0#eng#d | ||
| 005 | 20070904193425.0 | ||
| 245 | 0 | 0 | |a Fuzzy reasoning and its applications / |c edited by E.H. Mamdani, B.R. Gaines. |
| 260 | |a London : |b Academic Press, |c 1981. | ||
| 300 | |a xviii, 381 p. : |b il. ; |c 26 cm. | ||
| 440 | 0 | |a Computers and people series | |
| 500 | |a "Selection of papers that have all previously appeared in the International journal of man-machine studies"--Pref. | ||
| 504 | |a Incluye referencias bibliográficas. | ||
| 020 | |a 0124677509 | ||
| 700 | 1 | |a Mamdani, E. H., |e ed. |4 edt | |
| 700 | 1 | |a Gaines, Brian R., |e ed. |4 edt | |
| 082 | 0 | 0 | |a 511.3 |2 19 |
| 650 | 4 | |a Computación |x Sistemas borrosos. | |
| 650 | 4 | |a Computation |x Fuzzy sets. | |
| 010 | |a 81067148 | ||
| 040 | |a DLC |c DLC |d AR-BbSID | ||
| 859 | |a AR-BbSID |b BIB. PLAPIQUI |h 511.3 |i F 989 |p 2798 | ||
